00747nam a2200253 a 4500001001300000003000900013005001700022008004100039020002300080082002100103100002100124245003000145260004700175300000900222500003500231505001000266650001700276650002700293700002100320902000800341942000700349952012200356999001500478nice12345678IN_TiNIC20260116013134.0050524s1993 mina grp 000 0 eng  a0816680 c10000a305.480297bMER3 aMernissi, Fatima aForgotten Queens of Islam aMinneapolisbUniversity of Minnesotac1993 a229p aincludes index and biblioraphy2 aIndex aMuslim Women aBiography-Queens-Islam1 aMernissi, Fatima bSRS cBK 001040708StackRoom-aHMIbHMId2012-08-13g100.00l0o305.480297 MER3p015036r2012-08-13v100.00w2005-05-24yBK c9820d9820